000 00422nam a22001457a 4500
005 20170828144114.0
020 _a8176482528
_c00
035 _aB-058549
037 _aDPL
_bENG
100 _aReddy, L.R
245 _aThe pain and horror :
_bGujarat earthquake /
_cby L.R Reddy
260 _aNew Delhi
_bA.P.H. Publishing Corporation
_c2001
300 _av, 297p.
_c20 cms.
942 _2ddc
_cEN
_h363.349
_mRED
999 _c67834
_d67834